|
|
|
|
| LEADER |
00000nab a2200000 ar4500 |
| 001 |
vtls009174378 |
| 003 |
SK-MaSNL |
| 005 |
20260318123918.0 |
| 008 |
080116c2004 xo |r||||||||||00 ||eng |
| 015 |
|
|
|a SNBRA2008/01
|2 snkbucl
|
| 038 |
|
|
|a SNKBUCL
|
| 040 |
|
|
|a SNKBUCL
|b slo
|c SNKBUCL
|e AACR2
|
| 041 |
1 |
|
|a eng
|
| 044 |
|
|
|a xo
|c SK
|
| 080 |
|
|
|a 316.653
|x (437.6)
|x "2003"
|2 2001
|
| 080 |
|
|
|a 32.019.5
|x (437.6)
|x "2003"
|2 2001
|
| 100 |
1 |
|
|a Bútorová, Zora,
|d 1949-
|4 aut
|9 189905
|
| 245 |
1 |
0 |
|a Public opinion
|c Zora Bútorová, Oľga Gyárfášová, Marián Velšic
|
| 300 |
|
|
|b Grafy, tab.
|
| 500 |
|
|
|a Paralelná anglická verzia publikácie Slovensko 2003. Súhrnná správa o stave spoločnosti
|
| 504 |
|
|
|a Bibliogr. odkazy
|
| 648 |
|
7 |
|a 2003
|2 snkbucl
|9 301018
|
| 650 |
0 |
7 |
|a verejná mienka
|2 snkbucl
|9 13297
|
| 651 |
|
7 |
|a Slovensko
|2 snkbucl
|9 14231
|
| 700 |
1 |
|
|a Gyárfášová, Oľga,
|d 1957-
|4 aut
|9 210000
|
| 700 |
1 |
|
|a Velšic, Marián,
|d 1967-
|4 aut
|9 209998
|
| 773 |
0 |
|
|t Slovakia 2003 : a global report on the state of society
|d Bratislava : Institute for Public Affairs, 2004
|g S. 185-218
|z 808893561X
|
| 852 |
|
|
|a SNK
|b KIS3GCP
|
| 958 |
|
|
|a NB
|
| 999 |
|
|
|c 2670710
|d 2672640
|